000 00660nam a2200181Ia 4500
005 20250508155702.0
008 008 250505s9999 xx 000 0 eng d
037 _aBooks to be hide in OPAC
040 _aFEDL
_beng
_cFEDL
041 _aeng
_2eng
084 _a630.7, IND/O
_qFEDL
245 0 _aSummary record: Special course in extension methods, techniques and communication media for agricultural extension officers
245 0 _cExtension Education Institute Nilokheri
260 _aNew Delhi, India
_bMinistry of Food and Agriculture, Government of India
300 _av,97p.
942 _cHB
_h630.7, IND/O
999 _c1358796
_d1358796